[Event "39th World U20 ch"]
[Site "Yerevan ARM"]
[Date "2000.09.20"]
[Round "3.13"]
[White "Gershon, Alik"]
[Black "Kabanov, Nikolai"]
[Result "1-0"]
[WhiteElo "2502"]
[BlackElo "2385"]
[EventDate "2000.09.18"]
[PlyCount "131"]

1.d4 Nf6 2.c4 g6 3.Nc3 Bg7 4.e4 d6 5.Nf3 O-O 6.Be2 e5 7.Be3 Nbd7 8.O-O c6 
9.d5 c5 10.Ne1 Ne8 11.Nd3 Nb6 12.Qb3 f5 13.f4 exf4 14.Nxf4 Qe7 15.a4 g5 
16.Ne6 Bxe6 17.dxe6 Qxe6 18.Bxg5 Bd4+ 19.Kh1 Ng7 20.a5 Nd7 21.Nd5 Rab8 22.
Qh3 Kh8 23.Be7 Rf7 24.Nf4 Qxe4 25.Bxd6 Re8 26.Bf3 Qe3 27.Qh4 Nf6 28.Rae1 
Qd2 29.Ng6+ Kg8 30.Ne7+ Kh8 31.Ng6+ Kg8 32.Ne5 Bxe5 33.Bxe5 Rd8 34.Bc3 Qd7
35.Rd1 Qe6 36.Bd5 Nxd5 37.cxd5 Qe4 38.Rf4 Qe2 39.Re1 Qd3 40.Qh6 Re8 41.Rg1
Qxd5 42.Rh4 Ne6 43.Rh3 Nd4 44.Rg3+ Kh8 45.b4 Re6 46.Qf4 Rd7 47.bxc5 Re4 
48.Qg5 Qe6 49.a6 h6 50.axb7 hxg5 51.b8=Q+ Kh7 52.Rxg5 Rh4 53.Re1 Qb3 54.
Qe8 Qf7 55.Qe5 Kh6 56.Rg3 Kh7 57.Rd3 Rd5 58.Qg3 Rg4 59.Qh3+ Kg6 60.Qh8 Rd7
61.Rxd4 Rdxd4 62.Bxd4 Qd5 63.Qg7+ Kh5 64.Qh7+ Kg5 65.Bf6+ Kxf6 66.Qe7+ 1-0

[Event "39th World U20 ch"]
[Site "Yerevan ARM"]
[Date "2000.09.20"]
[Round "3.14"]
[White "Ghaem Maghami, Ehsan"]
[Black "Mahjoob, Morteza"]
[Result "1/2-1/2"]
[WhiteElo "2488"]
[BlackElo "2337"]
[EventDate "2000.09.18"]
[PlyCount "48"]

1.e4 e6 2.d4 d5 3.Nc3 dxe4 4.Nxe4 Nd7 5.Nf3 Ngf6 6.Nxf6+ Nxf6 7.Bg5 Be7 8.
Bd3 c5 9.dxc5 Qa5+ 10.c3 Qxc5 11.Qe2 O-O 12.O-O-O Qc7 13.Qe5 Qxe5 14.Nxe5 
b6 15.Bb5 Bb7 16.f3 Rac8 17.Nd7 Rfd8 18.Nxf6+ Bxf6 19.Bxf6 gxf6 20.Rxd8+ 
Rxd8 21.Rd1 Rxd1+ 22.Kxd1 f5 23.b4 Kf8 24.Kd2 f4 1/2-1/2

[Event "39th World U20 ch"]
[Site "Yerevan ARM"]
[Date "2000.09.20"]
[Round "3.15"]
[White "Fedorchuk, Sergei"]
[Black "Bunzmann, Dimitrij"]
[Result "1-0"]
[WhiteElo "2408"]
[BlackElo "2484"]
[EventDate "2000.09.18"]
[PlyCount "151"]

1.e4 e6 2.d4 d5 3.Nd2 Nf6 4.e5 Nfd7 5.Bd3 c5 6.c3 Nc6 7.Ne2 cxd4 8.cxd4 f6
9.exf6 Qxf6 10.Nf3 h6 11.O-O Bd6 12.Be3 O-O 13.Bb5 Ne7 14.Rc1 Rd8 15.Qd2 
Ng6 16.Bd3 Ndf8 17.Rfe1 Bd7 18.Rc2 Ba4 19.b3 Be8 20.Rec1 Nd7 21.Qc3 Qf8 
22.Rd1 Qf6 23.Rcc1 Ne7 24.Qd2 Bh5 25.Bf4 Bxf4 26.Qxf4 Bxf3 27.Qxf3 Qxf3 
28.gxf3 Rac8 29.Nf4 Kf7 30.Kf1 Nf8 31.Ke2 g5 32.Nh5 Nf5 33.Bxf5 exf5 34.
Ng3 Kf6 35.Kd3 Ng6 36.Ne2 h5 37.Rg1 Nh4 38.f4 g4 39.Rxc8 Rxc8 40.Nc3 Rd8 
41.Rc1 Nf3 42.Ne2 h4 43.Rc7 Nxh2 44.Rxb7 Nf1 45.Rc7 Rd6 46.Rc1 Nh2 47.b4 
Ra6 48.Nc3 Kf7 49.b5 Rd6 50.a4 Nf3 51.a5 h3 52.Ne2 h2 53.Ng3 Rh6 54.b6 
axb6 55.Rc7+ Kf8 56.a6 h1=Q 57.Nxh1 Rxh1 58.a7 Rd1+ 59.Kc3 Rc1+ 60.Kb2 
Rxc7 61.a8=Q+ Ke7 62.Qxd5 Rd7 63.Qxf5 Nxd4 64.Qh7+ Kd8 65.Qh8+ Kc7 66.Qe5+
Kc6 67.f5 Rd5 68.Qe8+ Kd6 69.Qg6+ Ke5 70.f6 Ne6 71.Qh5+ Kd6 72.Qh2+ Kc5 
73.f7 Rf5 74.f3 Kd5 75.fxg4 Rxf7 76.Qh5+ 1-0

[Event "39th World U20 ch"]
[Site "Yerevan ARM"]
[Date "2000.09.20"]
[Round "3.16"]
[White "Simutowe, Amon"]
[Black "Svetuschin, Dumitru"]
[Result "1/2-1/2"]
[WhiteElo "2322"]
[BlackElo "2472"]
[EventDate "2000.09.18"]
[PlyCount "195"]

1.d4 d5 2.c4 dxc4 3.e3 Nf6 4.Bxc4 e6 5.Nf3 c5 6.O-O a6 7.dxc5 Qxd1 8.Rxd1 
Bxc5 9.b3 Nbd7 10.Bb2 b6 11.Nc3 Bb7 12.Rac1 Be7 13.Nd4 b5 14.Bf1 O-O 15.g4
h6 16.h3 Rfc8 17.Bg2 Bxg2 18.Kxg2 Nc5 19.Nce2 Nd5 20.Nf5 Bf8 21.Ba3 b4 22.
Bb2 a5 23.Bd4 a4 24.Bxc5 Rxc5 25.Nfd4 axb3 26.axb3 Ra2 27.Ra1 Rca5 28.Rxa2
Rxa2 29.Kf1 Rb2 30.Nc1 Bc5 31.Nde2 Rb1 32.Kg2 Kh7 33.Kf3 Be7 34.Rd2 Bf6 
35.Rc2 Nc3 36.Nxc3 bxc3 37.Ke4 Kg8 38.Kd3 Kf8 39.Na2 Rxb3 40.Nxc3 Bxc3 41.
Rxc3 Rb2 42.Rc2 Rb1 43.Rc8+ Ke7 44.Rc7+ Kf6 45.h4 Rb2 46.f3 h5 47.Rc4 Kg6 
48.Rf4 f6 49.gxh5+ Kxh5 50.Re4 e5 51.Rg4 g6 52.e4 Rh2 53.Ke3 Rxh4 54.Rg2 
Rh1 55.Rg3 Ra1 56.Rh3+ Kg5 57.Rg3+ Kh6 58.Rh3+ Kg7 59.Rg3 Ra2 60.Rg1 Kf7 
61.Rb1 f5 62.exf5 gxf5 63.Rb6 Ra3+ 64.Ke2 Ra2+ 65.Ke3 Rg2 66.Ra6 Rg6 67.
Ra7+ Kf6 68.Ra6+ Kg5 69.Ra1 Rb6 70.Rg1+ Kf6 71.Rg8 Rb3+ 72.Ke2 Ra3 73.Kf2 
Ra2+ 74.Kf1 Rb2 75.Ke1 Rh2 76.Kf1 Ra2 77.Ke1 Kf7 78.Rg5 Ke6 79.Kf1 Rh2 80.
Ke1 Rh8 81.Rg6+ Kd5 82.Kf2 Rh2+ 83.Kg3 Rc2 84.Ra6 Kd4 85.Ra4+ Rc4 86.Ra5 
Rc3 87.Ra4+ Kd3 88.Ra5 Kd4 89.Ra4+ Ke3 90.Ra5 e4 91.fxe4 f4+ 92.Kg4 f3 93.
Rf5 Ke2 94.e5 f2 95.e6 Re3 96.Rxf2+ Kxf2 97.Kf5 Kf3 98.Kf6 1/2-1/2

[Event "39th World U20 ch"]
[Site "Yerevan ARM"]
[Date "2000.09.20"]
[Round "3.17"]
[White "Berg, Emanuel"]
[Black "Skytte, Rasmus"]
[Result "1-0"]
[WhiteElo "2456"]
[BlackElo "2323"]
[EventDate "2000.09.18"]
[PlyCount "107"]

1.e4 c5 2.Nf3 Nc6 3.d4 cxd4 4.Nxd4 Qc7 5.Nc3 e6 6.Be3 a6 7.Bd3 Nf6 8.O-O 
h5 9.h3 Nxd4 10.Bxd4 Bc5 11.Bxc5 Qxc5 12.Be2 b5 13.Bf3 Qe5 14.Re1 Kf8 15.
a4 Bb7 16.axb5 axb5 17.Rxa8+ Bxa8 18.Qa1 Bc6 19.Nd5 Kg8 20.Nb4 Kh7 21.Nxc6
dxc6 22.b3 Qxa1 23.Rxa1 Rc8 24.Ra7 Kg6 25.Kf1 e5 26.Ke2 Nh7 27.h4 Nf8 28.
c3 Ne6 29.Ke3 Rd8 30.g3 Nc5 31.b4 Na4 32.Ra6 Rd6 33.c4 Nb2 34.c5 Nc4+ 35.
Ke2 Rf6 36.Bg2 Nb2 37.Bh3 Na4 38.Bf5+ Kh6 39.f3 g6 40.g4 g5 41.Ra8 gxh4 
42.Rh8+ Kg5 43.Ke3 hxg4 44.fxg4 Rxf5 45.Rg8+ Kf6 46.gxf5 Nc3 47.Rh8 Kg5 
48.Rg8+ Kf6 49.Rg2 h3 50.Rh2 Kg5 51.Rxh3 Na2 52.Rg3+ Kf6 53.Kd2 Nxb4 54.
Ra3 1-0

[Event "39th World U20 ch"]
[Site "Yerevan ARM"]
[Date "2000.09.20"]
[Round "3.18"]
[White "Kozhukharov, Spas"]
[Black "Kallio, Heikki"]
[Result "1-0"]
[WhiteElo "2196"]
[BlackElo "2451"]
[EventDate "2000.09.18"]
[PlyCount "81"]

1.e4 g6 2.d4 Bg7 3.Nc3 d6 4.g3 Nf6 5.Bg2 O-O 6.Nge2 e5 7.h3 Nc6 8.Be3 exd4
9.Nxd4 Ne5 10.b3 Bd7 11.O-O Re8 12.f4 Nc6 13.Nde2 Nxe4 14.Bxe4 Bxh3 15.Qd2
Bxf1 16.Rxf1 Qe7 17.Bf2 Rad8 18.Bf3 Qd7 19.Nd5 Ne7 20.c4 Nf5 21.g4 Ne7 22.
Kg2 Nxd5 23.cxd5 c5 24.Ng3 b5 25.Rh1 b4 26.f5 a5 27.Qf4 Re5 28.g5 gxf5 29.
Nh5 Qe7 30.Ng3 Qd7 31.Qh4 Qe7 32.Nh5 Re4 33.Nf6+ Kf8 34.Bxe4 fxe4 35.Qxh7 
Qe5 36.Qg8+ Ke7 37.Qxg7 e3 38.Rh7 Rf8 39.Qxf8+ Kxf8 40.Rh8+ Kg7 41.Rg8# 
1-0

[Event "39th World U20 ch"]
[Site "Yerevan ARM"]
[Date "2000.09.20"]
[Round "3.19"]
[White "Izoria, Zviad"]
[Black "Gagunashvili, Merab"]
[Result "1/2-1/2"]
[WhiteElo "2450"]
[BlackElo "2321"]
[EventDate "2000.09.18"]
[PlyCount "47"]

1.c4 c6 2.e4 d5 3.exd5 cxd5 4.cxd5 Nf6 5.Nc3 g6 6.Qb3 Bg7 7.d4 O-O 8.Be2 
Nbd7 9.Bf3 Nb6 10.Nge2 Bg4 11.Bxg4 Nxg4 12.a4 Qd7 13.a5 Nc8 14.O-O Nf6 15.
Bg5 Rd8 16.Bxf6 Bxf6 17.Ra4 Nd6 18.Ng3 Rac8 19.Re1 Rc7 20.h3 Kg7 21.Nge4 
Nxe4 22.Rxe4 Qd6 23.g3 Qa6 24.Kg2 1/2-1/2

[Event "39th World U20 ch"]
[Site "Yerevan ARM"]
[Date "2000.09.20"]
[Round "3.20"]
[White "Blehm, Pawel"]
[Black "Kruger, Peter Helentus"]
[Result "1-0"]
[WhiteElo "2510"]
[BlackElo "2085"]
[EventDate "2000.09.18"]
[PlyCount "93"]

1.e4 c5 2.Nf3 d6 3.d4 cxd4 4.Qxd4 Bd7 5.c4 Nc6 6.Qd2 Nf6 7.Nc3 a6 8.Be2 e6
9.O-O Be7 10.a3 O-O 11.b4 Rc8 12.h3 Qc7 13.Bb2 Rfd8 14.Qe3 Re8 15.Rac1 Qb8
16.Rfd1 Rcd8 17.Bf1 h6 18.Ne2 e5 19.Nc3 Bf8 20.Rc2 Ne7 21.a4 Ng6 22.Ba3 
Nf4 23.Rcd2 Be6 24.b5 Qc7 25.b6 Qb8 26.a5 Rd7 27.Nd5 Bxd5 28.cxd5 Qd8 29.
Rc2 Qe7 30.g3 Ng6 31.Rdc1 Red8 32.Nd2 Ne8 33.h4 Ra8 34.Bh3 Rdd8 35.h5 Nh8 
36.Rc7 Nxc7 37.bxc7 Rdc8 38.Bxc8 Rxc8 39.Nc4 Rxc7 40.Bxd6 Qd7 41.Bxc7 Qxc7
42.Qb6 Qe7 43.d6 Qg5 44.Rd1 Qxh5 45.Ne3 f5 46.d7 Nf7 47.Qe6 1-0

[Event "39th World U20 ch"]
[Site "Yerevan ARM"]
[Date "2000.09.20"]
[Round "3.21"]
[White "Ginzburg, Mikhail"]
[Black "Fontaine, Robert"]
[Result "1/2-1/2"]
[WhiteElo "2276"]
[BlackElo "2449"]
[EventDate "2000.09.18"]
[PlyCount "120"]

1.e4 c5 2.Nf3 a6 3.Nc3 b5 4.d4 cxd4 5.Nxd4 Bb7 6.Bd3 e6 7.O-O Qc7 8.Kh1 
Nf6 9.a3 Nc6 10.Nb3 d6 11.f4 Be7 12.Qe1 O-O 13.Qg3 Rfe8 14.Bd2 b4 15.axb4 
Nxb4 16.e5 Nd7 17.Nb5 axb5 18.Rxa8 Bxa8 19.Bxb4 Nc5 20.exd6 Bxd6 21.Nxc5 
Bxc5 22.Bc3 g6 23.Bxb5 Rd8 24.Ra1 Be4 25.Bd3 Bxd3 26.cxd3 Bd4 27.Rc1 Qb6 
28.Qe1 Bxc3 29.Qxc3 Qe3 30.Qc7 Qxd3 31.h3 Rd7 32.Qb8+ Rd8 33.Rc8 Rxc8 34.
Qxc8+ Kg7 35.Qb8 Qd2 36.b4 h5 37.b5 h4 38.Qe5+ f6 39.Qe4 Qb2 40.Qc4 Qf2 
41.Qb4 Qa7 42.b6 Qb7 43.Qc5 Qe4 44.Qf2 Qb1+ 45.Qg1 Qb4 46.Qf2 Qb1+ 47.Kh2 
Qb4 48.Qe3 Kf7 49.Kg1 Ke7 50.Kf2 Qb2+ 51.Kf3 Qb4 52.Kf2 Qb2+ 53.Kg1 Qb1+ 
54.Kh2 Qb4 55.Qf2 g5 56.fxg5 fxg5 57.Qe3 Qd6+ 58.Kg1 Qd1+ 59.Kf2 Qc2+ 60.
Kf3 Qd1+ 1/2-1/2

[Event "39th World U20 ch"]
[Site "Yerevan ARM"]
[Date "2000.09.20"]
[Round "3.22"]
[White "Jirka, Jiri"]
[Black "Mateuta, Gabriel"]
[Result "0-1"]
[WhiteElo "2302"]
[BlackElo "2409"]
[EventDate "2000.09.18"]
[PlyCount "63"]

1.d4 e6 2.c4 Nf6 3.g3 d5 4.Nf3 Bb4+ 5.Bd2 Be7 6.Bg2 O-O 7.O-O c6 8.Qb3 a5 
9.Nc3 a4 10.Nxa4 dxc4 11.Qc2 Nbd7 12.b3 cxb3 13.axb3 Nd5 14.Nc5 Rxa1 15.
Rxa1 Qb6 16.Nd3 N7f6 17.Ba5 Qa7 18.Ra2 Qb8 19.Nfe5 Nd7 20.Nc4 b6 21.Bd2 
Qb7 22.e4 Nc7 23.Ne3 Rd8 24.Nb4 Nb8 25.Qb2 Nb5 26.d5 c5 27.Nd3 Na6 28.Nf4 
Nac7 29.Nc4 Nd4 30.d6 Bxd6 31.e5 Nf3+ 32.Kh1 0-1

[Event "39th World U20 ch"]
[Site "Yerevan ARM"]
[Date "2000.09.20"]
[Round "3.23"]
[White "Fernando, Diogo"]
[Black "Pridorozhny, Alexei"]
[Result "1/2-1/2"]
[WhiteElo "2257"]
[BlackElo "2396"]
[EventDate "2000.09.18"]
[PlyCount "44"]

1.e4 c5 2.Nf3 Nc6 3.Bb5 e6 4.Bxc6 bxc6 5.b3 Ne7 6.Bb2 Ng6 7.O-O f6 8.e5 
Be7 9.Na3 fxe5 10.Nxe5 Nxe5 11.Bxe5 O-O 12.f4 d6 13.Bb2 Bd7 14.Nc4 Rf7 15.
d4 cxd4 16.Qxd4 Qc7 17.Rad1 Raf8 18.Qd2 Rf5 19.Ne3 R5f7 20.Nc4 Rf5 21.Ne3 
R5f7 22.Nc4 Rf5 1/2-1/2

[Event "39th World U20 ch"]
[Site "Yerevan ARM"]
[Date "2000.09.20"]
[Round "3.24"]
[White "Al-Sayed, Mohamad Naser"]
[Black "Asauskas, Henrikas"]
[Result "0-1"]
[WhiteElo "2370"]
[BlackElo "2245"]
[EventDate "2000.09.18"]
[PlyCount "94"]

1.e4 c5 2.Nf3 d6 3.d4 cxd4 4.Nxd4 Nf6 5.Nc3 g6 6.Be3 Bg7 7.f3 O-O 8.Qd2 
Nc6 9.Bc4 Bd7 10.O-O-O Rc8 11.Bb3 Ne5 12.Kb1 Nc4 13.Bxc4 Rxc4 14.g4 b5 15.
b3 Rc8 16.Ndxb5 Qa5 17.a4 a6 18.Nd5 Qxd2 19.Nxe7+ Kh8 20.Rxd2 Rce8 21.
Nxg6+ fxg6 22.Nxd6 Re6 23.Bc5 Bc6 24.Nc4 Rfe8 25.Rhd1 Bxe4 26.Nd6 Bxf3 27.
Nxe8 Rxe8 28.g5 Nd5 29.Rf1 Nc3+ 30.Kc1 Bg4 31.Be7 h6 32.gxh6 Ne2+ 33.Rxe2 
Bxh6+ 34.Kb2 Bxe2 35.Bf6+ Kg8 36.Rf2 Bg4 37.c4 Be3 38.Rg2 Bf5 39.b4 Kf7 
40.Bc3 Rc8 41.Re2 Re8 42.Kb3 Bd3 43.Rg2 Re4 44.c5 Bc4+ 45.Kc2 a5 46.c6 
axb4 47.c7 Ba6 0-1

[Event "39th World U20 ch"]
[Site "Yerevan ARM"]
[Date "2000.09.20"]
[Round "3.25"]
[White "Wegener, Olaf"]
[Black "Varela, Gaston"]
[Result "1/2-1/2"]
[WhiteElo "2336"]
[BlackElo "2249"]
[EventDate "2000.09.18"]
[PlyCount "84"]

1.e4 c5 2.Nf3 e6 3.d4 cxd4 4.Nxd4 a6 5.Bd3 Qc7 6.O-O Nc6 7.Nxc6 dxc6 8.f4 
e5 9.f5 Bc5+ 10.Kh1 h5 11.Nd2 Nf6 12.Nc4 b5 13.Ne3 Bb7 14.a4 Rd8 15.Qe2 h4
16.Rf3 Nh5 17.Nf1 Qe7 18.c3 Rd6 19.Bc2 g5 20.f6 Rxf6 21.Rf5 Rg6 22.Bb3 
Ng3+ 23.Nxg3 hxg3 24.h3 Rh7 25.Qg4 Bc8 26.axb5 cxb5 27.Qxg3 Bxf5 28.exf5 
Rd6 29.Bxg5 f6 30.Be3 Rg7 31.Qf2 Bxe3 32.Qxe3 Qb7 33.Rg1 Rg5 34.Be6 Rd1 
35.Kh2 Rxg1 36.Qxg1 Qe4 37.g4 Qf4+ 38.Kg2 Qe4+ 39.Kh2 Qe2+ 40.Kg3 Qd3+ 41.
Kh2 Qe2+ 42.Kg3 Qd3+ 1/2-1/2

[Event "39th World U20 ch"]
[Site "Yerevan ARM"]
[Date "2000.09.20"]
[Round "3.26"]
[White "Haznedaroglu, Kivanc"]
[Black "Arutinian, David"]
[Result "1-0"]
[WhiteElo "2249"]
[BlackElo "2309"]
[EventDate "2000.09.18"]
[PlyCount "163"]

1.e4 c5 2.Nf3 Nc6 3.d4 cxd4 4.Nxd4 Nf6 5.Nc3 d6 6.Bg5 e6 7.Bb5 Bd7 8.Bxc6 
bxc6 9.Qf3 Qb6 10.O-O-O Be7 11.e5 dxe5 12.Nb3 Qb4 13.Rhe1 Qg4 14.Qxg4 Nxg4
15.Bxe7 Kxe7 16.f3 Nf6 17.Rxe5 Rhd8 18.Rc5 Be8 19.Re1 Nd5 20.Na5 Nxc3 21.
Rxc3 Rac8 22.Re4 Rd5 23.b4 Rc7 24.Rg4 g5 25.Rgc4 Kd6 26.Rc5 f6 27.a4 e5 
28.Kb2 Rxc5 29.Rxc5 Bf7 30.Kc3 Be6 31.Kd3 h5 32.Ke3 Bd5 33.g3 Bf7 34.Rc3 
f5 35.Kf2 f4 36.gxf4 gxf4 37.Rd3+ Ke7 38.Rd1 Be6 39.h4 Bf7 40.c4 Rc8 41.c5
Be8 42.Ke2 Rb8 43.Rb1 Ke6 44.Kd2 Rd8+ 45.Kc3 e4 46.fxe4 Ke5 47.b5 f3 48.b6
Kf4 49.Nb7 Ra8 50.Nd6 Bd7 51.a5 a6 52.Kd4 f2 53.Rf1 Kf3 54.Nf5 Re8 55.Nd6 
Rf8 56.Nc4 Bh3 57.Ne5+ Kg3 58.Rxf2 Rxf2 59.Nxc6 Rb2 60.Ne7 Bd7 61.c6 Bxc6 
62.Nxc6 Kxh4 63.Kc5 Rb5+ 64.Kd6 Kg4 65.e5 h4 66.e6 h3 67.e7 h2 68.e8=Q 
h1=Q 69.Qe2+ Kg5 70.Qxb5+ axb5 71.b7 b4 72.b8=Q Qd1+ 73.Kc5 b3 74.Qg8+ Kh4
75.Qc4+ Kh5 76.Qf7+ Kh4 77.Qf6+ Kh3 78.Kb4 Kg2 79.Qc3 Kh1 80.Nd4 Qf1 81.
Qf3+ Qxf3 82.Nxf3 1-0

[Event "39th World U20 ch"]
[Site "Yerevan ARM"]
[Date "2000.09.20"]
[Round "3.28"]
[White "Goldenberg, Danny"]
[Black "Gombac, Jan"]
[Result "1-0"]
[WhiteElo "2310"]
[BlackElo "2215"]
[EventDate "2000.09.18"]
[PlyCount "77"]

1.e4 e5 2.Nf3 Nc6 3.Bc4 Nf6 4.d3 d5 5.exd5 Nxd5 6.h3 Be7 7.O-O O-O 8.Re1 
Nb6 9.Bb3 a5 10.a3 Nd4 11.Ba2 Nxf3+ 12.Qxf3 Nd7 13.Nc3 Ra6 14.Nd5 Rg6 15.
Nxe7+ Qxe7 16.Bd2 b6 17.Bc3 c5 18.d4 cxd4 19.Bxd4 Qf6 20.Qxf6 gxf6 21.Be3 
Bb7 22.g3 Bf3 23.Bc4 f5 24.Bd3 e4 25.Bf1 Rc8 26.Rec1 Rgc6 27.Bb5 Rd6 28.
Bf4 Rd5 29.c4 Rd4 30.Be3 Rd6 31.b4 Ne5 32.c5 bxc5 33.bxc5 Rd5 34.Ba6 Rc7 
35.Rcb1 Nd7 36.Rb7 Rc6 37.Bb5 Rcxc5 38.Bxd7 Rc2 39.Bh6 1-0

[Event "39th World U20 ch"]
[Site "Yerevan ARM"]
[Date "2000.09.22"]
[Round "4.1"]
[White "Miton, Kamil"]
[Black "Bruzon Batista, Lazaro"]
[Result "1/2-1/2"]
[WhiteElo "2443"]
[BlackElo "2534"]
[EventDate "2000.09.18"]
[PlyCount "78"]

1.Nf3 Nf6 2.c4 e6 3.g3 d5 4.d4 Be7 5.Bg2 O-O 6.O-O dxc4 7.Nc3 Nc6 8.e3 Rb8
9.Qa4 Bd7 10.Qxc4 b5 11.Qd3 Nb4 12.Qe2 Nbd5 13.Ne5 b4 14.Nxd7 Qxd7 15.Nb1 
c5 16.dxc5 Bxc5 17.Nd2 Qe7 18.Nc4 e5 19.Bxd5 Nxd5 20.b3 Qe6 21.Bb2 f6 22.
Rac1 Rbc8 23.Rfd1 Be7 24.e4 Nb6 25.Ne3 Rxc1 26.Rxc1 Rd8 27.Rc7 Rd7 28.Rc2 
Bf8 29.Kg2 Qf7 30.h3 Rc7 31.Rxc7 Qxc7 32.Qd3 Qd6 33.Qxd6 Bxd6 34.Kf3 Kf7 
35.Ke2 Ke6 36.Kd3 g6 37.Nc4 Bc5 38.Nxb6 axb6 39.f3 b5 1/2-1/2

[Event "39th World U20 ch"]
[Site "Yerevan ARM"]
[Date "2000.09.22"]
[Round "4.2"]
[White "Solak, Dragan"]
[Black "Malakhov, Vladimir"]
[Result "1/2-1/2"]
[WhiteElo "2490"]
[BlackElo "2605"]
[EventDate "2000.09.18"]
[PlyCount "62"]

1.e4 c5 2.Nf3 g6 3.d4 Bg7 4.c4 Qa5+ 5.Bd2 Qb6 6.Bc3 Nc6 7.d5 Nd4 8.Na3 d6 
9.h3 e5 10.dxe6 fxe6 11.Nc2 e5 12.Ne3 Ne7 13.Rb1 a5 14.Be2 O-O 15.O-O Rf4 
16.Nd2 Nxe2+ 17.Qxe2 Bd7 18.b3 Raf8 19.f3 Qa6 20.Qd3 R4f7 21.Rfd1 Rd8 22.
a4 Be6 23.Nd5 Nc6 24.f4 Nd4 25.fxe5 dxe5 26.Qe3 Rdf8 27.Qd3 Qa8 28.Rf1 Qd8
29.Rxf7 Rxf7 30.Rf1 Rxf1+ 31.Kxf1 b6 1/2-1/2

[Event "39th World U20 ch"]
[Site "Yerevan ARM"]
[Date "2000.09.22"]
[Round "4.3"]
[White "Jobava, Baadur"]
[Black "Asrian, Karen"]
[Result "1/2-1/2"]
[WhiteElo "2480"]
[BlackElo "2566"]
[EventDate "2000.09.18"]
[PlyCount "70"]

1.c4 e6 2.Nc3 d5 3.d4 c6 4.Nf3 Nf6 5.Bg5 h6 6.Bh4 dxc4 7.e4 g5 8.Bg3 b5 9.
Ne5 h5 10.h3 b4 11.Na4 Nxe4 12.Qf3 Nd6 13.Bxc4 g4 14.Qe2 Nxc4 15.Nxc4 Ba6 
16.hxg4 Qd5 17.b3 Bg7 18.gxh5 Bxc4 19.bxc4 Qa5 20.Nc5 b3+ 21.Kf1 b2 22.Re1
Nd7 23.Nxe6 fxe6 24.Qxb2 Rxh5 25.Bh4 Qf5 26.Qb7 Rd8 27.Qxc6 Rh6 28.Qd6 Bf8
29.Qd5 Qxd5 30.cxd5 Be7 31.Rxe6 Rxe6 32.dxe6 Nf8 33.Bxe7 Kxe7 34.Rh5 Kxe6 
35.Ra5 Rd7 1/2-1/2

[Event "39th World U20 ch"]
[Site "Yerevan ARM"]
[Date "2000.09.22"]
[Round "4.4"]
[White "Sasikiran, Krishnan"]
[Black "Sargissian, Gabriel"]
[Result "0-1"]
[WhiteElo "2573"]
[BlackElo "2474"]
[EventDate "2000.09.18"]
[PlyCount "81"]

1.Nf3 Nf6 2.g3 b6 3.Bg2 Bb7 4.O-O c5 5.d3 e6 6.e4 d6 7.Nc3 Be7 8.Ng5 h6 9.
Nh3 Nc6 10.f4 Qd7 11.a3 O-O-O 12.b4 d5 13.e5 Nh7 14.b5 Nd4 15.a4 f6 16.a5 
Nxb5 17.Na4 Kc7 18.Qe1 Nd4 19.Bd2 b5 20.a6 Bc6 21.Ba5+ Kc8 22.Bxd8 Rxd8 
23.Qd2 bxa4 24.Kh1 f5 25.Ng1 Qc7 26.Ne2 Nxe2 27.Qxe2 g6 28.Rfb1 Nf8 29.g4 
fxg4 30.Qxg4 Qa5 31.Qh3 h5 32.f5 gxf5 33.Qxh5 Qc7 34.Re1 Kd7 35.Qf7 Rb8 
36.Qg7 Rb2 37.Re2 Qc8 38.h4 Qe8 39.Bf3 Qg6 40.Qxg6 Nxg6 41.h5 0-1

[Event "39th World U20 ch"]
[Site "Yerevan ARM"]
[Date "2000.09.22"]
[Round "4.6"]
[White "Berg, Emanuel"]
[Black "Iliushin, Alexei"]
[Result "1/2-1/2"]
[WhiteElo "2456"]
[BlackElo "2509"]
[EventDate "2000.09.18"]
[PlyCount "75"]

1.e4 e6 2.d4 d5 3.Nc3 Nf6 4.e5 Nfd7 5.f4 c5 6.Nf3 Nc6 7.Be3 cxd4 8.Nxd4 
Bc5 9.Qd2 O-O 10.O-O-O Bxd4 11.Bxd4 a6 12.h4 b5 13.Rh3 b4 14.Na4 Nxd4 15.
Qxd4 Qa5 16.b3 Bb7 17.Rg3 Bc6 18.f5 Qc7 19.fxe6 fxe6 20.Nc5 Nxc5 21.Qxc5 
Qxe5 22.Re3 Qf4 23.Kb1 Bd7 24.g3 Qf2 25.Be2 Rac8 26.Qd4 a5 27.Qd2 Rc3 28.
Bd3 Qxd2 29.Rxd2 Rc5 30.a3 bxa3 31.Ka2 g6 32.h5 d4 33.Re4 e5 34.hxg6 hxg6 
35.Rde2 Re8 36.Rh4 Kg7 37.Kxa3 Bc6 38.Rg4 1/2-1/2

[Event "39th World U20 ch"]
[Site "Yerevan ARM"]
[Date "2000.09.22"]
[Round "4.8"]
[White "Jenni, Florian"]
[Black "Gershon, Alik"]
[Result "1-0"]
[WhiteElo "2440"]
[BlackElo "2502"]
[EventDate "2000.09.18"]
[PlyCount "71"]

1.e4 c5 2.Nf3 d6 3.d4 cxd4 4.Nxd4 Nf6 5.Nc3 Nc6 6.f3 Qb6 7.Nb3 e6 8.Bf4 
Ne5 9.Qe2 a6 10.Be3 Qc7 11.f4 Nc6 12.a4 b6 13.g4 Nb4 14.Bg2 Nxg4 15.Qxg4 
Nxc2+ 16.Kf2 Nxa1 17.Rxa1 g6 18.Rc1 Qb8 19.f5 Bg7 20.Qf3 Be5 21.Bd4 Bd7 
22.Kg1 b5 23.axb5 axb5 24.Kh1 b4 25.Ne2 Bxd4 26.fxe6 fxe6 27.Nbxd4 e5 28.
Nc6 Bxc6 29.Qf6 Kd7 30.Qg7+ Kd8 31.Qxh8+ Kc7 32.Qxh7+ Kb6 33.Qh3 Qg8 34.
Qd3 Qe6 35.Qd2 Kb5 36.Ng3 1-0

[Event "39th World U20 ch"]
[Site "Yerevan ARM"]
[Date "2000.09.22"]
[Round "4.9"]
[White "Halkias, Stelios"]
[Black "Fedorchuk, Sergei"]
[Result "1/2-1/2"]
[WhiteElo "2502"]
[BlackElo "2408"]
[EventDate "2000.09.18"]
[PlyCount "41"]

1.d4 Nf6 2.c4 e6 3.Nf3 Bb4+ 4.Bd2 Qe7 5.g3 Nc6 6.Nc3 Bxc3 7.Bxc3 Ne4 8.Rc1
O-O 9.Bg2 Nxc3 10.Rxc3 d6 11.d5 Nb8 12.Qc2 a5 13.O-O Na6 14.a3 e5 15.Rb1 
Bd7 16.b4 axb4 17.axb4 c5 18.dxc6 bxc6 19.b5 Nc5 20.Nd2 Rfc8 21.h4 1/2-1/2

[Event "39th World U20 ch"]
[Site "Yerevan ARM"]
[Date "2000.09.22"]
[Round "4.11"]
[White "Ganguly, Surya Shekhar"]
[Black "Kozhukharov, Spas"]
[Result "0-1"]
[WhiteElo "2498"]
[BlackElo "2196"]
[EventDate "2000.09.18"]
[PlyCount "89"]

1.e4 c5 2.Nf3 d6 3.d4 cxd4 4.Nxd4 Nf6 5.Nc3 g6 6.Be3 Bg7 7.f3 Nc6 8.Bc4 
O-O 9.Qd2 Bd7 10.O-O-O Ne5 11.Bb3 Rc8 12.Kb1 Nc4 13.Bxc4 Rxc4 14.g4 b5 15.
b3 Rc8 16.Ndxb5 Qa5 17.a4 a6 18.Nd5 Qxd2 19.Nxe7+ Kh8 20.Rxd2 Rce8 21.Nxd6
Rxe7 22.Bc5 Re5 23.Ba3 Be6 24.Nb7 Re8 25.Nd8 h5 26.Nc6 Rg5 27.h4 Nxe4 28.
fxe4 Rxg4 29.e5 Bf5 30.Rf1 Rxh4 31.Nd4 Be4 32.Rxf7 Bxe5 33.Bb2 Kg8 34.Ra7 
Rh2 35.Rxh2 Bxh2 36.Rxa6 h4 37.Ne6 Bb7 38.Rb6 Be4 39.Ng5 Bf5 40.Rb7 Be5 
41.Nf7 Bf4 42.Nh8 Re1+ 43.Ka2 h3 44.Ra7 Be5 45.Nxg6 0-1

[Event "39th World U20 ch"]
[Site "Yerevan ARM"]
[Date "2000.09.22"]
[Round "4.12"]
[White "Kose, Serkan"]
[Black "Acs, Peter"]
[Result "0-1"]
[WhiteElo "2200"]
[BlackElo "2497"]
[EventDate "2000.09.18"]
[PlyCount "105"]

1.c4 Nf6 2.Nf3 e6 3.d4 d5 4.Nc3 dxc4 5.e3 a6 6.Bxc4 c5 7.O-O Nc6 8.a4 Be7 
9.dxc5 Qxd1 10.Rxd1 Bxc5 11.h3 b6 12.Nd4 Nb4 13.Nb3 Be7 14.e4 Bb7 15.f3 
Nd7 16.Bf4 Rc8 17.Bf1 Nc5 18.Nd4 O-O 19.Na2 Nxa2 20.Rxa2 Rfd8 21.Raa1 Rd7 
22.Ne2 Rxd1 23.Rxd1 Nxa4 24.b3 Nc5 25.b4 Nxe4 26.Rd7 Bxb4 27.Rxb7 Nf6 28.
Be5 a5 29.Nc3 h6 30.Na4 Rc1 31.Kf2 Be1+ 32.Ke2 Nd5 33.Nxb6 Nxb6 34.Rxb6 
Bb4 35.Ra6 Re1+ 36.Kf2 Rxe5 37.Bd3 g6 38.Be4 Rc5 39.g4 Kg7 40.Ke2 Rc1 41.
f4 Rc4 42.Kd3 Rc3+ 43.Kd4 Rxh3 44.f5 gxf5 45.gxf5 exf5 46.Bxf5 Rh2 47.Bd3 
h5 48.Bc4 h4 49.Ke3 h3 50.Rc6 Rg2 51.Bd5 Rg5 52.Be4 Rc5 53.Rb6 0-1

[Event "39th World U20 ch"]
[Site "Yerevan ARM"]
[Date "2000.09.22"]
[Round "4.13"]
[White "Zhang Pengxiang"]
[Black "Simutowe, Amon"]
[Result "1-0"]
[WhiteElo "2525"]
[BlackElo "2322"]
[EventDate "2000.09.18"]
[PlyCount "123"]

1.e4 c5 2.Nf3 d6 3.d4 cxd4 4.Nxd4 Nf6 5.Nc3 a6 6.Bc4 e6 7.Bb3 b5 8.O-O Bb7
9.Re1 Nbd7 10.Nd5 Nc5 11.Nxf6+ Qxf6 12.c4 e5 13.Nf3 Nxb3 14.Qxb3 Qe6 15.
Nd2 Bc6 16.Qc3 Be7 17.cxb5 Bxb5 18.a4 Rc8 19.Qg3 Bc6 20.Qxg7 Kd7 21.Qg3 
Rhg8 22.Qd3 Rg6 23.Nc4 Rcg8 24.g3 h5 25.Nb6+ Kd8 26.Qc4 Qxc4 27.Nxc4 h4 
28.Ra3 hxg3 29.fxg3 Rg4 30.Rc3 Rxe4 31.Rd1 Bxa4 32.Nxd6 Bxd1 33.Nxe4 Ba4 
34.Rd3+ Kc7 35.Nc3 Bc5+ 36.Be3 Bc2 37.Nd5+ Kb7 38.Rc3 Bxe3+ 39.Rxe3 Re8 
40.Rc3 Bg6 41.Kf2 Rd8 42.Rc7+ Kb8 43.Rc5 Rd7 44.h4 Rb7 45.b4 f5 46.Nf6 f4 
47.g4 e4 48.h5 e3+ 49.Kf3 Bd3 50.h6 Re7 51.Re5 Rxe5 52.Nd7+ Kc7 53.Nxe5 
Bc2 54.g5 Kd6 55.g6 Kxe5 56.h7 Bd1+ 57.Kg2 f3+ 58.Kg3 f2 59.h8=Q+ Kf5 60.
g7 Bb3 61.g8=Q Bxg8 62.Qxg8 1-0

[Event "39th World U20 ch"]
[Site "Yerevan ARM"]
[Date "2000.09.22"]
[Round "4.14"]
[White "De Vreugt, Dennis"]
[Black "Haznedaroglu, Kivanc"]
[Result "0-1"]
[WhiteElo "2511"]
[BlackElo "2249"]
[EventDate "2000.09.18"]
[PlyCount "56"]

1.e4 e5 2.Nf3 Nc6 3.Bb5 Nf6 4.O-O Nxe4 5.d4 Nd6 6.Bxc6 dxc6 7.dxe5 Nf5 8.
Qxd8+ Kxd8 9.Nc3 Ke8 10.h3 Ne7 11.b3 Ng6 12.Bb2 Bb4 13.Ne2 Be7 14.Ng3 h5 
15.Rae1 c5 16.e6 Bxe6 17.Bxg7 Rh7 18.Bc3 h4 19.Ne4 Rh5 20.Nh2 Kd7 21.Ng4 
Kc6 22.Kh2 a5 23.Ngf6 Rf5 24.g4 Rf3 25.Re3 Rxe3 26.fxe3 a4 27.Ng5 axb3 28.
Nxe6 Rxa2 0-1